|
|
|
|
| LEADER |
00000naa2a2200000 4500 |
| 001 |
253262 |
| 005 |
20231031214322.0 |
| 035 |
|
|
|a (RuTPU)RU\TPU\book\275648
|
| 035 |
|
|
|a RU\TPU\book\275635
|
| 090 |
|
|
|a 253262
|
| 100 |
|
|
|a 20140312d2012 k y0rusy50 ca
|
| 101 |
0 |
|
|a eng
|
| 102 |
|
|
|a RU
|
| 200 |
1 |
|
|a Optical Coagulometer
|f M. G. Dvurechenskaya
|g науч. конс. A. A. Aristov ; науч. конс. G. V. Shvalova
|
| 225 |
1 |
|
|a Electrical Engineering and Electronics
|
| 320 |
|
|
|a Библиогр.: с. 130 (4 назв.)
|
| 463 |
|
1 |
|0 (RuTPU)RU\TPU\book\269457
|t Электронные приборы, системы и технологии
|o сборник научных трудов II Всероссийской научно-практической конференции студентов, аспирантов и молодых ученых, Томск, 22-27 октября 2012 г.
|f Национальный исследовательский Томский политехнический университет (ТПУ)
|v C. 127-130
|d 2012
|p 151 с.
|
| 610 |
1 |
|
|a труды учёных ТПУ
|
| 610 |
1 |
|
|a оптические коагулометры
|
| 610 |
1 |
|
|a коагуляция
|
| 610 |
1 |
|
|a кровеносные сосуды
|
| 610 |
1 |
|
|a свертывание крови
|
| 610 |
1 |
|
|a гемостаз
|
| 610 |
1 |
|
|a фотометрические методы
|
| 700 |
|
1 |
|a Dvurechenskaya
|b M. G.
|
| 702 |
|
1 |
|a Aristov
|b A. A.
|c specialist in the field of electronics
|c Associate Professor of Tomsk Polytechnic University, Candidate of technical sciences
|f 1972-
|g Aleksandr Aleksandrovich
|2 stltpush
|4 695
|
| 702 |
|
1 |
|a Shvalova
|b G. V.
|c Linguist
|c Senior Lecturer at Tomsk Polytechnic University
|f 1956-
|g Galina Vasilyevna
|2 stltpush
|4 695
|
| 801 |
|
1 |
|a RU
|b 63413507
|c 20140227
|
| 801 |
|
2 |
|a RU
|b 63413507
|c 20151117
|g RCR
|
| 942 |
|
|
|c BK
|